Top Ten WAR Leaders for Position Players 2015 - Statistics

General Stats
  • This quiz has been taken 10 times
  • The average score is 6 of 10
Answer Stats
WAR Answer % Correct
9.5 Bryce Harper
100%
6.5 Kris Bryant
83%
9.0 Mike Trout
83%
7.4 Paul Goldschmidt
83%
7.4 Joey Votto
67%
8.7 Josh Donaldosn
67%
6.8 Manny Machado
33%
6.7 Yoenis Cespedes
33%
6.6 Lorenzo Cain
17%
6.6 A.J. Pollick
0%
No matching quizzes found
Score Distribution
Percent of People with Each Score
Percentile by Number Answered
Your Score History
You have not taken this quiz